000 00330nam a2200121Ia 4500
008 190723s9999 xx 000 0 und d
100 _aPhilip Kotler
245 0 _aMarketing Management Analysis planning Implementation and Control
250 _a9th
260 _aNew York
_bPrentice hall
_c1997
300 _a789.:P
942 _cBK
999 _c1391
_d1391